Un Petit verre d'eau-de-vie / (Record no. 137162)

MARC details
000 -CABECERA
campo de control de longitud fija 02077nam a2200313 i 4500
001 - NÚMERO DE CONTROL
campo de control 991061727883006706
003 - IDENTIFICADOR DEL NÚMERO DE CONTROL
campo de control ES-BaIT
005 - FECHA Y HORA DE LA ÚLTIMA TRANSACCIÓN
campo de control 20260227085006.0
008 - DATOS DE LONGITUD FIJA--INFORMACIÓN GENERAL
campo de control de longitud fija 260227e202503 fr r 000 d fre c
020 ## - NÚMERO INTERNACIONAL ESTÁNDAR DEL LIBRO
Número Internacional Estándar del Libro 9782749816708
040 ## - FUENTE DE LA CATALOGACIÓN
Centro catalogador/agencia de origen ES-BaIT
Lengua de catalogación cat
Normas de descripción rda
Centro/agencia transcriptor ES-BaIT
080 ## - NÚMERO DE LA CLASIFICACIÓN DECIMAL UNIVERSAL
Número de la Clasificación Decimal Universal 840-2"19"
100 1# - ENTRADA PRINCIPAL--NOMBRE DE PERSONA
Nombre de persona Alègre, Jean-Paul
Término indicativo de función/relación autor
9 (RLIN) 4457
245 13 - MENCIÓN DE TÍTULO
Título Un Petit verre d'eau-de-vie /
Mención de responsabilidad, etc. Jean-Paul Alègre
264 #1 - PRODUCCIÓN, PUBLICACIÓN, DISTRIBUCIÓN, FABRICACIÓN Y COPYRIGHT
Producción, publicación, distribución, fabricación y copyright Paris :
Nombre del de productor, editor, distribuidor, fabricante L'avant-scène théâtre,
Fecha de producción, publicación, distribución, fabricación o copyright mars 2025
300 ## - DESCRIPCIÓN FÍSICA
Extensión 44 pàgines ;
Dimensiones 21 cm
336 ## - TIPO DE CONTENIDO
Término de tipo de contenido text
Código de tipo de contenido txt
Fuente rdacontent
337 ## - TIPO DE MEDIO
Nombre/término del tipo de medio sense mediació
Código del tipo de medio n
Fuente rdamedia
338 ## - TIPO DE SOPORTE
Nombre/término del tipo de soporte volum
Código del tipo de soporte nc
Fuente rdacarrier
490 1# - MENCIÓN DE SERIE
Mención de serie L'Avant-scène théatre ;
Designación de volumen o secuencia no 1573
500 ## - NOTA GENERAL
Nota general P6: D2, H4
500 ## - NOTA GENERAL
Nota general Publicat com no 1573 (mars 2025) de la revista L'Avant-scène théâtre
500 ## - NOTA GENERAL
Nota general Estrena 37è Renathea (Rencontre Nationale de Théâtre) a Royan, el 28 de maig de 2025
520 ## - SUMARIO, ETC.
Sumario, etc. "Qui est cette étrange et intrigante Madame et quelle est la "marchandise" que doit lui livrer ce Pourvoyeur, venu, semble-t-il, de fort loin?. Qui est cette discrète créature qui a des surs blotties dans l'herbe verte et dont doit se méfier l'enfant qui mène son troupeau de chèvres à la source?. Pourquoi la Nuit, dont le royaume s'étend pourtant chaque jour sur la moitié du Monde, est bien obligée de pleurer?. Pourquoi Rachid, qui a le soleil dans la peau, et Mélissa, qui a le soleil à l'intérieur, sont-ils les innocentes victimes d'une barbarie aveugle?. Et pourquoi ce petit verre d'eau-de-vie qui nost est finalment proposé est-il aussi porteur de d'espoir? Dans une pièce sombre et lumineuse à la fois, l'auteur de Moi, Ota, rivière d'Hiroshima (traduite et jouée dans nombreux pays), donne la parole à ceux qui souffrent de blessures d'autant plus terrifiantes qu'elles sont invisibles, et nous rappelle que sur les planches magiques du Théâtre, finalement, c'est toujours la vie qui l'emporte -- Contracoberta
830 ## - PUNTO DE ACCESO ADICIONAL DE SERIE-TÍTULO UNIFORME
Título uniforme Avant-scène.
Nombre de parte o sección de la obra Théâtre
Designación de volumen o secuencia no 1573
9 (RLIN) 168170
908 ## - COLOCAR PARÁMETRO DE COMANDO (RLIN)
Colocar parámetro de comando CDMAE
940 ## - EQUIVALENCIA O REFERENCIA-CRUZADA--TÍTULO UNIFORME [OBSOLETO] [solamente CAN/MARC]
Título uniforme <a href="CDMAE">CDMAE</a>
942 ## - ELEMENTOS DE ENTRADA AGREGADA (KOHA)
Fuente del sistema de clasificación o colocación Clasificación decimal universal
Tipo de ítem Koha Llibre
Holdings
Estado de retiro Estado de pérdida Fuente del sistema de clasificación o colocación Estado dañado No para préstamo Localización permanente Ubicación/localización actual Ubicación en estantería Fecha de adquisición Fuente de adquisición Total de préstamos Signatura topográfica completa Código de barras Fecha visto por última vez Precio válido a partir de Tipo de ítem Koha
    Clasificación decimal universal     Biblioteca Barcelona Biblioteca Barcelona BCN Magatzem Revistes 27/02/2026 Compra   S 143-06 1900089884 27/02/2026 27/02/2026 Llibre

Powered by Koha